000 00475nam a22001817a 4500
999 _c2973
_d2930
008 170612b xxu||||| |||| 00| | tur d
020 _a9789752895935
041 _atur
050 _aPL248.E657
100 _91161
_aErdoğan, Aslı
245 _aTaş Bina ve Diğerleri
250 _a1. baskı
260 _aİstanbul:
_bEverest Yayınları,
_cMayıs 2009
300 _a134 sayfa
500 _aTürk Edebiyat: 210
650 0 _9145
_aTürk Edebiyatı
942 _2lcc
_cBK